Tracklist Quiz - Dangerous Woman Album - Statistics

General Stats
  • This quiz has been taken 9 times
  • The average score is 16 of 17
Answer Stats
Tracks Collab/Featured Artist(s) % Correct
Be Alright
100%
Dangerous Woman
100%
Everyday feat. Future
100%
Greedy
100%
I Don't Care
100%
Into You
100%
Jason's Song (Gave It Away)
100%
Knew Better/Forever Boy
100%
Leave Me Lonely feat. Macy Gray
100%
Let Me Love You feat. Lil Wayne
100%
Moonlight
100%
Side To Side feat. Nicki Minaj
100%
Sometimes
88%
Thinking Bout You
88%
Bad Decisions
75%
Step On Up
75%
Touch It
63%
No matching quizzes found
Score Distribution
Percent of People with Each Score
Percentile by Number Answered
Your Score History
You have not taken this quiz